Eredivisie Sieger - Statistiken

Allgemein
  • Dieses Quiz wurde 302 mal gespielt
    134 seit der letzten Aktualisierung
  • Das Durchschnittsergebnis liegt bei 88 aus 135
Antwortstatistiken
Saison Sieger % Korrekt
1917/18 | 1918/19 | 1930/31 | +33 others Ajax Amsterdam
99%
1923/24 | 1927/28 | 1935/36 | +6 others Feijenoord Rotterdam
91%
1970/71 | 1973/74 | 1983/84 | +4 others Feyenoord Rotterdam
91%
1928/29 | 1934/35 | 1950/51 | +23 others PSV Eindhoven
88%
1980/81 AZ’67 Alkmaar
65%
2008/09 AZ Alkmaar
65%
1919/20 Be Quick Groningen
59%
2009/10 FC Twente Enschede
59%
1908/09 | 1910/11 | 1911/12 | +3 others Sparta Rotterdam
56%
1957/58 DOS Utrecht
52%
1941/42 | 1942/43 ADO Den Haag
42%
1890/91 | 1895/96 | 1899/00 | +7 others HVV Den Haag
36%
1907/08 Quick Den Haag
36%
1953/54 FC Eindhoven
30%
1915/16 | 1951/52 | 1954/55 Willem II Tilburg
28%
1920/21 NAC Breda
27%
1916/17 | 1921/22 | 1929/30 Go Ahead Eagles Deventer
23%
1925/26 Sportclub Enschede
21%
1932/33 Go Ahead Eagles Deventer
20%
1926/27 | 1940/41 Heracles Almelo
18%
1947/48 BVV Den Bosch
12%
1945/46 HFC Haarlem
6%
1922/23 | 1952/53 Racing Club Haarlem
5%
1963/64 DWS Amsterdam
4%
1903/04 | 1905/06 | 1924/25 HBS Craeyenhout
2%
1891/92 | 1893/94 | 1896/97 | +2 others RAP Amsterdam
1%
1888/89 VV Concordia Rotterdam
1%
1943/44 De Volewijckers
0%
1889/90 | 1892/93 | 1894/95 Haarlemsche FC
0%
1949/50 Limburgia Brunssum
0%
1955/56 Rapid JC
0%
1948/49 SVV Schiedam
0%
Keine übereinstimmenden Quizze gefunden
Verteilung der Resultate
Anzahl Personen mit jedem Resultat
Perzentil nach korrekt beantworteten Fragen
Ihre Resultats-Entwicklung
Sie haben dieses Quiz seit der letzten Aktualisierung nicht gespielt